Distribución de presiones en una Turbina Banki
Guardat en:
| Autor principal: | |
|---|---|
| Format: | Llibre |
| Publicat: |
San José, Costa Rica
1987
|
| Matèries: | |
| Etiquetes: |
Afegir etiqueta
Sense etiquetes, Sigues el primer a etiquetar aquest registre!
|
MARC
| LEADER | 00000nam a2200000Ia 4500 | ||
|---|---|---|---|
| 003 | 005249 | ||
| 005 | 20221231144326.0 | ||
| 008 | 140114s1987 c a m 000 ||s d | ||
| 040 | |c cru CEDI | ||
| 090 | |a TFG 2501 | ||
| 100 | |a Blanco Guzmán, Leonardo |9 12613 | ||
| 245 | |a Distribución de presiones en una Turbina Banki | ||
| 260 | |c 1987 |a San José, Costa Rica | ||
| 300 | |a 135 hojas : ilustraciones (algunas plegables) ; 28 cm | ||
| 500 | |a Práctica dirigida (licenciatura en ingeniería mecánica)--Universidad de Costa Rica. Facultad de Ingeniería. Escuela de Ingeniería Mecánica | ||
| 650 | |x TURBINAS |9 12615 | ||
| 942 | |c TFG |2 ddc | ||
| 999 | |c 20183 |d 20183 | ||
